Trenes rigurosamente vigilados

Uloženo v:
Podrobná bibliografie
Hlavní autor: Hrabal, Bohumil (Autor)
Médium: Kniha
Jazyk:španělština
Vydáno: Santiago Editora Santiago 1969
Témata:
Tagy: Přidat tag
Žádné tagy, Buďte první, kdo vytvoří štítek k tomuto záznamu!

MARC

LEADER 00000nam a2200000 a 4500
001 UCX6189
003 CL-VaPUC
008 930429e19690000CL |||||||||||||||||spa|d
082 0 4 |a 891.8603  |b HRA  |2 21 
100 0 |a Hrabal, Bohumil  |e author  |9 322609 
245 1 0 |a Trenes rigurosamente vigilados 
300 |a 110 p 
942 |c BK 
945 |d 19930429 00:00:00 
260 |a Santiago  |b Editora Santiago  |c 1969 
650 7 |a NOVELAS CHECOESLOVACAS  |2 CL-VaPUC  |9 322610 
583 |a last modification  |c 19930429 00:00:00  |k Rodrigo Vera 
999 |c 226260  |d 226258 
952 |0 0  |1 0  |4 0  |6 891_860300000000000_HRA_1969  |7 0  |8 A  |9 224493  |a BIBEDU  |b BIBEDU  |d 2019-11-15  |i 293244K  |o 891.8603 HRA 1969  |p 293244K  |r 2019-11-15  |w 2019-11-15  |y BK  |k LIT